000
00253nam a22001217a 4500
008
170208b xxu||||| |||| 00| 0 alb d
041
_a
alb
080
_a
61
100
_a
4
101
_a
SHM
245
_a
SEMUNDJA E DIABETIT
_c
ROGIC, M
942
_2
udc
_c
BK
999
_c
4973
_d
4973